|
|
|
|
| LEADER |
00000nam a2200000 a 4500 |
| 001 |
vtls001460502 |
| 003 |
SK-MaSNL |
| 005 |
20260426020452.0 |
| 008 |
160322s2003 xo a g 0 slo |
| 015 |
|
|
|a SNBE2004/01-00085
|
| 020 |
|
|
|a 8088757266
|
| 035 |
|
|
|a SNK000415809
|
| 040 |
|
|
|a SNK
|b slo
|c SNK
|e AACR2
|
| 041 |
0 |
|
|a slo
|
| 043 |
|
|
|a e-xo---
|
| 044 |
|
|
|a xo
|c SK
|
| 072 |
|
7 |
|a 72/76
|2 konspekt
|
| 080 |
|
|
|a 72
|2 1981
|
| 080 |
|
|
|a (083.824)
|2 1981
|
| 080 |
|
|
|a 72/76:061.4(083.9)
|2 2. slo
|
| 080 |
|
|
|a 069.6.02:73/76
|2 2. slo
|
| 080 |
|
|
|a 929
|2 2. slo
|
| 245 |
1 |
|
|a Architekti a výtvarná tvorba
|b výstava z voľnej tvorby architektov : Galéria architektúry SAS, august 2003
|c kurátor výstavy a text: Zuzana Ševčíková ; grafická úprava: Fero Jablonovský
|
| 250 |
|
|
|a [1. vyd.]
|
| 260 |
|
|
|a Bratislava
|b Spolok architektov Slovenska
|c 2003
|
| 300 |
|
|
|a [12] s.
|b fotogr.
|c 21 cm
|
| 504 |
|
|
|a Biogr. údaje
|
| 610 |
2 |
7 |
|a Galéria architektúry SAS (Bratislava, Slovensko)
|2 SNK
|9 69316
|
| 650 |
0 |
7 |
|a architektúra
|x výstavy
|x katalógy
|2 SNK
|9 765996
|
| 650 |
0 |
7 |
|a umenie výtvarné
|x výstavy
|y 2003
|x katalógy
|2 SNK
|9 302362
|
| 650 |
0 |
7 |
|a výtvarné umenie
|2 konspekt
|9 723
|
| 651 |
|
7 |
|a Bratislava (Slovensko)
|2 SNK
|9 14568
|
| 655 |
|
7 |
|a katalógy výstav
|2 SNK
|9 70445
|
| 655 |
|
7 |
|a katalógy výstav
|2 SNK
|9 70445
|
| 700 |
1 |
|
|a Ševčíková, Zuzana,
|d 1947-
|4 aud
|9 196030
|
| 700 |
1 |
|
|a Jablonovský, František,
|d 1956-
|4 gup
|9 104698
|
| 919 |
|
|
|a 80-88757-26-6
|
| 958 |
|
|
|a BX
|
| 999 |
|
|
|c 1212413
|d 1214343
|
| 952 |
|
|
|t P60, <03>, [BOOK], {603}
|a SNK
|b SNK
|y PREZ
|7 0
|p 17A0399909
|o snkOSB 13489
|i snkKSP 12426/2003
|0 0
|1 0
|4 0
|d 2003-09-29
|l 0
|r 2005-01-02 00:00:00
|w 2026-02-24
|
| 952 |
|
|
|t P60, <04>, [BOOK], {604}
|a SNK
|b SNK
|y VYP
|7 0
|p 17A0399908
|o snkOSB 12489 D1
|i snkKSP 12427/2003
|0 0
|1 0
|4 0
|d 2003-09-29
|l 0
|r 2005-01-02 00:00:00
|w 2026-02-24
|